[Event "Winnipeg TNT April op"]
[Site "Winnipeg CAN"]
[Date "2017.04.18"]
[Round "3"]
[White "Letain, Cory"]
[Black "Goodman, Clifford"]
[Result "1/2-1/2"]
[WhiteElo "1699"]
[BlackElo "1602"]
[WhiteFideId "-1"]
[WhiteFideId "-1"]
[PlyCount "115"]
[GameId "2160767908412226"]
[EventDate "2017.04.04"]
[EventType "swiss"]
[EventRounds "4"]
[EventCountry "CAN"]
[SourceTitle "EXT 2022"]
[Source "ChessBase"]
[SourceDate "2021.10.06"]
[SourceVersion "1"]
[SourceVersionDate "2021.10.06"]
[SourceQuality "1"]

1. e4 c5 2. d4 cxd4 3. c3 dxc3 4. Nxc3 e6 5. Bc4 Bb4 6. Bd2 Ne7 7. Nge2 O-O 8. O-O Nbc6 9. a3 Ba5 10. f4 Bb6+ 11. Kh1 d5 12. exd5 exd5 13. Bd3 Bf5 14. Qc2 Bxd3 15. Qxd3 Qd7 16. Rf3 Qf5 17. Qxf5 Nxf5 18. Nxd5 Rad8 19. Nec3 Bd4 20. Be3 Bxc3 21. Nxc3 Nxe3 22. Rxe3 Rfe8 23. Rae1 Kf8 24. Kg1 Rxe3 25. Rxe3 Re8 26. Kf2 Rxe3 27. Kxe3 Ke7 28. g4 Ke6 29. Ne4 Na5 30. Kd3 h6 31. b4 Nc6 32. Nc5+ Kd5 33. Nxb7 g5 34. Ke3 Kc4 35. Nd6+ Kb3 36. Nxf7 gxf4+ 37. Kxf4 Kxa3 38. Nxh6 Kxb4 39. Nf5 a5 40. g5 a4 41. g6 a3 42. g7 a2 43. g8=Q a1=Q 44. Qf8+ Kb5 45. Nd6+ Kb6 46. Nc4+ Kb5 47. Na3+ Kb6 48. Nc4+ Kb5 49. Ne3 Qd4+ 50. Kf3 Ne5+ 51. Ke2 Qd3+ 52. Kf2 Qd2+ 53. Kf1 Qxe3 54. Qb8+ Kc4 55. Qc7+ Kd4 56. Qb6+ Ke4 57. Qxe3+ Kxe3 58. Kg2 1/2-1/2

[Event "Winnipeg TNT April op"]
[Site "Winnipeg CAN"]
[Date "2017.04.18"]
[Round "3"]
[White "Maione, Noah"]
[Black "Piche, Zachary"]
[Result "1-0"]
[WhiteElo "1625"]
[BlackElo "1350"]
[WhiteFideId "-1"]
[WhiteFideId "-1"]
[PlyCount "83"]
[GameId "2160767908412227"]
[EventDate "2017.04.04"]
[EventType "swiss"]
[EventRounds "4"]
[EventCountry "CAN"]
[SourceTitle "EXT 2022"]
[Source "ChessBase"]
[SourceDate "2021.10.06"]
[SourceVersion "1"]
[SourceVersionDate "2021.10.06"]
[SourceQuality "1"]

1. e4 c5 2. Nf3 d6 3. Nc3 Nf6 4. Bb5+ Bd7 5. Bxd7+ Qxd7 6. d3 g6 7. O-O Bg7 8. h3 Nc6 9. Bf4 O-O 10. e5 dxe5 11. Bxe5 Nxe5 12. Nxe5 Qd6 13. Re1 Nd5 14. Nb5 Qe6 15. Nc4 Qd7 16. Qf3 Nb4 17. Nba3 e6 18. c3 Nd5 19. Nc2 Nxc3 20. d4 Na4 21. dxc5 Nxc5 22. Red1 Qc7 23. Rab1 Rfd8 24. b4 Nd7 25. N2e3 Nf6 26. Rbc1 Qe7 27. Na5 Qxb4 28. Nxb7 Rxd1+ 29. Rxd1 Rb8 30. Nd6 Rd8 31. Nec4 Bf8 32. Qxf6 Rxd6 33. Nxd6 Bxd6 34. Qd8+ Bf8 35. Qc7 Qa4 36. Rd7 Qe4 37. Rxf7 Qh4 38. Rf4 Qh6 39. Qf7+ Kh8 40. Qxf8+ Qxf8 41. Rxf8+ Kg7 42. Ra8 1-0

[Event "Winnipeg TNT April op"]
[Site "Winnipeg CAN"]
[Date "2017.04.18"]
[Round "3"]
[White "Mandusic, Ante"]
[Black "Remillard, John"]
[Result "0-1"]
[WhiteElo "1202"]
[BlackElo "1655"]
[WhiteFideId "-1"]
[WhiteFideId "-1"]
[PlyCount "70"]
[GameId "2160767908412228"]
[EventDate "2017.04.04"]
[EventType "swiss"]
[EventRounds "4"]
[EventCountry "CAN"]
[SourceTitle "EXT 2022"]
[Source "ChessBase"]
[SourceDate "2021.10.06"]
[SourceVersion "1"]
[SourceVersionDate "2021.10.06"]
[SourceQuality "1"]

1. e4 c5 2. d3 d5 3. Nd2 Nf6 4. exd5 Nxd5 5. Ne4 b6 6. c4 Nb4 7. Bd2 Nxd3+ 8. Bxd3 Qxd3 9. f3 Bb7 10. Ne2 Nc6 11. O-O Rd8 12. b3 e5 13. Rc1 Be7 14. Rc3 Qd7 15. Qb1 O-O 16. a3 Nd4 17. Nxd4 exd4 18. Rd3 Qe6 19. Nf2 Qg6 20. b4 Bc8 21. b5 Bf5 22. Ne4 Bxe4 23. fxe4 Qxe4 24. Rf4 Qg6 25. Qf1 f6 26. Rg3 Qf7 27. Qe2 Bd6 28. Rgf3 Bxf4 29. Bxf4 Rfe8 30. Qd1 Qxc4 31. a4 d3 32. Bc7 d2 33. Rf2 Re1+ 34. Qxe1 dxe1=Q+ 35. Rf1 Qcxf1# 0-1

[Event "Winnipeg TNT April op"]
[Site "Winnipeg CAN"]
[Date "2017.04.18"]
[Round "3"]
[White "Marshall, Ken"]
[Black "Clark, Jeff"]
[Result "0-1"]
[WhiteElo "1479"]
[BlackElo "2018"]
[WhiteFideId "-1"]
[WhiteFideId "-1"]
[PlyCount "62"]
[GameId "2160767908412230"]
[EventDate "2017.04.04"]
[EventType "swiss"]
[EventRounds "4"]
[EventCountry "CAN"]
[SourceTitle "EXT 2022"]
[Source "ChessBase"]
[SourceDate "2021.10.06"]
[SourceVersion "1"]
[SourceVersionDate "2021.10.06"]
[SourceQuality "1"]

1. e4 c5 2. Nf3 d6 3. d4 cxd4 4. Nxd4 Nf6 5. Nc3 a6 6. Bc4 e6 7. Be3 Be7 8. Qd2 Qc7 9. Bb3 Bd7 10. h3 Nc6 11. a3 Na5 12. f4 Nxb3 13. Nxb3 Bc6 14. f5 O-O 15. fxe6 Nxe4 16. Nd5 Nxd2 17. Nxc7 Nxb3 18. cxb3 Rac8 19. exf7+ Rxf7 20. Ne6 Bxg2 21. Rh2 Rf1+ 22. Kd2 Rxa1 23. Rxg2 Bf6 24. Bh6 g6 25. h4 Rac1 26. Rg4 R1c2+ 27. Ke3 Rxb2 28. Nf4 Rxb3+ 29. Nd3 Rcc3 30. Rf4 Rxd3+ 31. Ke2 Bg7 0-1

[Event "Winnipeg TNT April op"]
[Site "Winnipeg CAN"]
[Date "2017.04.18"]
[Round "3"]
[White "Myrzaibraimova, Aibike"]
[Black "Einarsson, Ken"]
[Result "0-1"]
[WhiteElo "1565"]
[BlackElo "1753"]
[WhiteFideId "-1"]
[WhiteFideId "-1"]
[PlyCount "48"]
[GameId "2160767908412232"]
[EventDate "2017.04.04"]
[EventType "swiss"]
[EventRounds "4"]
[EventCountry "CAN"]
[SourceTitle "EXT 2022"]
[Source "ChessBase"]
[SourceDate "2021.10.06"]
[SourceVersion "1"]
[SourceVersionDate "2021.10.06"]
[SourceQuality "1"]

1. e4 c6 2. d4 d5 3. e5 Bf5 4. Bd3 Bxd3 5. Qxd3 e6 6. Ne2 Nd7 7. Bf4 c5 8. c3 Qb6 9. b3 c4 10. Qc2 cxb3 11. axb3 Rc8 12. c4 dxc4 13. bxc4 Bb4+ 14. Nd2 a6 15. O-O Bxd2 16. Bxd2 Qc6 17. Rfc1 Nb6 18. c5 Nd5 19. Qa4 Nge7 20. Rcb1 Rc7 21. Ba5 Rd7 22. h3 O-O 23. Nc1 Nf4 24. Rb6 Qxg2# 0-1

[Event "Winnipeg TNT April op"]
[Site "Winnipeg CAN"]
[Date "2017.04.18"]
[Round "3"]
[White "Reimer, Bruce"]
[Black "Prince, Colin"]
[Result "0-1"]
[WhiteElo "1658"]
[BlackElo "1865"]
[WhiteFideId "-1"]
[WhiteFideId "-1"]
[PlyCount "68"]
[GameId "2160767908412233"]
[EventDate "2017.04.04"]
[EventType "swiss"]
[EventRounds "4"]
[EventCountry "CAN"]
[SourceTitle "EXT 2022"]
[Source "ChessBase"]
[SourceDate "2021.10.06"]
[SourceVersion "1"]
[SourceVersionDate "2021.10.06"]
[SourceQuality "1"]

1. c4 Nf6 2. g3 e5 3. Bg2 Bc5 4. e3 Bb6 5. Nc3 c6 6. Nge2 d5 7. cxd5 cxd5 8. d4 e4 9. b3 Nc6 10. Ba3 a5 11. Nb5 Nb4 12. O-O O-O 13. Qd2 Qe7 14. Nf4 g5 15. Nh3 h6 16. Nc3 Bf5 17. f3 Qe6 18. Nf2 Rfe8 19. fxe4 dxe4 20. h3 h5 21. Kh2 Bc7 22. Bxb4 axb4 23. Ne2 Nd5 24. Nd1 h4 25. Nf2 Kg7 26. Nh1 Rh8 27. Rxf5 Qxf5 28. Rf1 Qe6 29. Nf2 Nc3 30. Nh1 Rxa2 31. d5 Qe5 32. Qd4 Nxe2 33. Qc4 Nxg3 34. Nxg3 Qxg3+ 0-1

[Event "Winnipeg TNT April op"]
[Site "Winnipeg CAN"]
[Date "2017.04.18"]
[Round "3"]
[White "Schulz, Waldemar"]
[Black "Valentino, Marcos"]
[Result "1-0"]
[WhiteElo "1966"]
[BlackElo "2184"]
[WhiteFideId "-1"]
[WhiteFideId "-1"]
[PlyCount "83"]
[GameId "2160767740940934"]
[EventDate "2017.04.04"]
[EventType "swiss"]
[EventRounds "4"]
[EventCountry "CAN"]

1. Nf3 d6 2. d4 Nf6 3. c4 Nbd7 4. Nc3 e5 5. d5 Be7 6. Qc2 O-O 7. e4 a5 8. Be2 Nc5 9. O-O Ne8 10. Be3 b6 11. Nd2 f5 12. f3 Bg5 13. Bf2 Qf6 14. Nb3 Bd7 15. Nxc5 bxc5 16. exf5 Bxf5 17. Bd3 g6 18. Ne4 Qe7 19. Qe2 Bf4 20. Be3 Bd7 21. Nf2 Ng7 22. Rac1 Qg5 23. Bxf4 Qxf4 24. Rc3 Rab8 25. Be4 Bf5 26. Ra3 Ra8 27. Nd1 Bd7 28. Qe3 Nh5 29. Qxf4 Nxf4 30. Kf2 Bf5 31. Bxf5 gxf5 32. g3 Ng6 33. Ke3 f4+ 34. Kd2 fxg3 35. hxg3 e4 36. f4 Ne5 37. Ne3 Nf3+ 38. Rxf3 exf3 39. Nd1 Rfe8 40. Rxf3 Re4 41. b3 Rd4+ 42. Kc2 {Game score illegible. game went onto moves} 1-0

[Event "Winnipeg TNT April op"]
[Site "Winnipeg CAN"]
[Date "2017.04.18"]
[Round "3"]
[White "Wiebe, Isaac"]
[Black "Kernetsky, Myron"]
[Result "1-0"]
[WhiteElo "2234"]
[BlackElo "2126"]
[WhiteFideId "-1"]
[WhiteFideId "-1"]
[PlyCount "121"]
[GameId "2160767908412234"]
[EventDate "2017.04.04"]
[EventType "swiss"]
[EventRounds "4"]
[EventCountry "CAN"]
[SourceTitle "EXT 2022"]
[Source "ChessBase"]
[SourceDate "2021.10.06"]
[SourceVersion "1"]
[SourceVersionDate "2021.10.06"]
[SourceQuality "1"]

1. d4 Nf6 2. Nc3 d5 3. Bf4 Bf5 4. f3 e6 5. g4 Bg6 6. h4 h6 7. e3 a6 8. h5 Bh7 9. Bd3 Bxd3 10. Qxd3 c5 11. Nge2 Nc6 12. O-O-O Qa5 13. e4 O-O-O 14. exd5 Nxd5 15. Nxd5 Rxd5 16. c4 Rd8 17. a3 Nxd4 18. Kb1 Be7 19. Nc3 Nc6 20. Qe2 Rxd1+ 21. Rxd1 Rd8 22. Ne4 Nd4 23. Qf1 Qa4 24. Rc1 Qc6 25. Be5 f6 26. Bxd4 Rxd4 27. Qe2 Qd7 28. Re1 Qa4 29. Nd2 e5 30. Rc1 Qd7 31. Nb3 Rd3 32. Kc2 Rd6 33. Nxc5 Qc6 34. Ne4 Rd4 35. Kb1 Qa4 36. Ng3 Qd7 37. Nf5 Rd2 38. Qe3 Bf8 39. Rc3 Kb8 40. c5 Rd5 41. c6 bxc6 42. Qb6+ Qb7 43. Rxc6 Qxb6 44. Rxb6+ Ka7 45. Rb3 Rd7 46. Kc2 Bc5 47. Rd3 Rc7 48. Kd2 Kb7 49. b4 Bf8 50. Rd8 Rf7 51. Kc3 a5 52. bxa5 Bxa3 53. Kb3 Bf8 54. Ka4 Ka6 55. Rb8 Bc5 56. Rc8 Bf8 57. Rc6+ Ka7 58. Kb5 Ba3 59. Ra6+ Kb7 60. Rb6+ Ka7 61. Kc6 1-0

[Event "Winnipeg TNT April op"]
[Site "Winnipeg CAN"]
[Date "2017.04.18"]
[Round "3"]
[White "Wolchock, Theo"]
[Black "Bince, Rolando"]
[Result "1-0"]
[WhiteElo "1987"]
[BlackElo "2127"]
[WhiteFideId "-1"]
[WhiteFideId "-1"]
[PlyCount "97"]
[GameId "2160767908412235"]
[EventDate "2017.04.04"]
[EventType "swiss"]
[EventRounds "4"]
[EventCountry "CAN"]
[SourceTitle "EXT 2022"]
[Source "ChessBase"]
[SourceDate "2021.10.06"]
[SourceVersion "1"]
[SourceVersionDate "2021.10.06"]
[SourceQuality "1"]

1. c4 Nf6 2. g3 e6 3. Bg2 d5 4. d4 Bb4+ 5. Bd2 Be7 6. Nf3 O-O 7. e3 c5 8. O-O Ne4 9. cxd5 exd5 10. Nc3 Bg4 11. Qc2 Bf5 12. Qb3 Nxc3 13. Bxc3 Be4 14. Qxb7 Nd7 15. Ne5 Nxe5 16. Bxe4 dxe4 17. dxe5 f5 18. Rfd1 Qe8 19. Rd7 Rb8 20. Qxa7 Ra8 21. Qb7 Rb8 22. Qd5+ Kh8 23. a4 Rd8 24. Rxd8 Qxd8 25. Qxd8 Rxd8 26. a5 Kg8 27. a6 Ra8 28. Kf1 Kf7 29. Ke2 Ke6 30. Kd2 Ra7 31. Kc2 g6 32. Kb3 Kd5 33. Ra5 Bd8 34. Rxc5+ Kxc5 35. Bd4+ Kb5 36. Bxa7 Kxa6 37. Bc5 Kb5 38. Bd6 Ba5 39. e6 Kc6 40. e7 Kd7 41. Bb4 Bxb4 42. Kxb4 Kxe7 43. Kc5 Kd7 44. b4 Kc7 45. h3 Kb7 46. g4 fxg4 47. hxg4 h5 48. gxh5 gxh5 49. Kd5 1-0

[Event "Winnipeg TNT April op"]
[Site "Winnipeg CAN"]
[Date "2017.04.25"]
[Round "4"]
[White "Bince, Rolando"]
[Black "Schulz, Waldemar"]
[Result "0-1"]
[WhiteElo "2127"]
[BlackElo "1966"]
[WhiteFideId "-1"]
[WhiteFideId "-1"]
[PlyCount "94"]
[GameId "2160767908412236"]
[EventDate "2017.04.04"]
[EventType "swiss"]
[EventRounds "4"]
[EventCountry "CAN"]
[SourceTitle "EXT 2022"]
[Source "ChessBase"]
[SourceDate "2021.10.06"]
[SourceVersion "1"]
[SourceVersionDate "2021.10.06"]
[SourceQuality "1"]

1. e4 c5 2. Nf3 e6 3. d4 cxd4 4. Nxd4 Nf6 5. Nc3 d6 6. Be3 Be7 7. g4 Nc6 8. Bb5 Qc7 9. g5 Nd7 10. Bxc6 bxc6 11. f4 Nb6 12. Qe2 c5 13. Nf3 O-O 14. O-O-O Rd8 15. e5 d5 16. Nb5 Qc6 17. Na3 Bb7 18. Rhf1 a5 19. c4 Ba6 20. b3 a4 21. Qc2 axb3 22. axb3 Bb7 23. Kb2 Rdb8 24. Nd2 Ba6 25. Ra1 d4 26. Bg1 Na4+ 27. Kc1 Nc3 28. Qd3 Bb7 29. Re1 Bd8 30. Kc2 Ba5 31. Nb5 Nxb5 32. cxb5 Qd5 33. Ra4 Bc3 34. Re2 Rxa4 35. bxa4 Qa2+ 36. Kd1 Qxa4+ 37. Qc2 Qxb5 38. Qb3 Bd5 39. Qxb5 Rxb5 40. Kc1 Kf8 41. Bf2 Ke7 42. Be1 Kd7 43. h4 Kc6 44. h5 Ba5 45. Bf2 d3 46. Re3 c4 47. Nxc4 Bxc4 0-1

[Event "Winnipeg TNT April op"]
[Site "Winnipeg CAN"]
[Date "2017.04.25"]
[Round "4"]
[White "Czypinski, Jaroslaw"]
[Black "Einarsson, Ken"]
[Result "1-0"]
[WhiteElo "1982"]
[BlackElo "1753"]
[WhiteFideId "-1"]
[WhiteFideId "-1"]
[PlyCount "51"]
[GameId "2160767908412237"]
[EventDate "2017.04.04"]
[EventType "swiss"]
[EventRounds "4"]
[EventCountry "CAN"]
[SourceTitle "EXT 2022"]
[Source "ChessBase"]
[SourceDate "2021.10.06"]
[SourceVersion "1"]
[SourceVersionDate "2021.10.06"]
[SourceQuality "1"]

1. e4 c6 2. b3 d5 3. exd5 cxd5 4. Bb2 Nc6 5. Nf3 Bg4 6. h3 Bh5 7. Be2 e6 8. Ne5 Bxe2 9. Qxe2 Nxe5 10. Bxe5 Nf6 11. Nc3 Bd6 12. Qb5+ Ke7 13. Qxb7+ Qd7 14. Bxd6+ Kxd6 15. Qb4+ Kc7 16. Nb5+ Kd8 17. O-O Ne8 18. c4 a5 19. Qc5 dxc4 20. bxc4 Nc7 21. a4 Ra6 22. Rab1 Rc6 23. Qg5+ f6 24. Qg3 e5 25. Na7 Rxc4 26. Rb8+ 1-0

[Event "Winnipeg TNT April op"]
[Site "Winnipeg CAN"]
[Date "2017.04.25"]
[Round "4"]
[White "Green, Jim"]
[Black "Clark, Jeff"]
[Result "1/2-1/2"]
[WhiteElo "1842"]
[BlackElo "2018"]
[WhiteFideId "-1"]
[WhiteFideId "-1"]
[PlyCount "50"]
[GameId "2160767908412238"]
[EventDate "2017.04.04"]
[EventType "swiss"]
[EventRounds "4"]
[EventCountry "CAN"]
[SourceTitle "EXT 2022"]
[Source "ChessBase"]
[SourceDate "2021.10.06"]
[SourceVersion "1"]
[SourceVersionDate "2021.10.06"]
[SourceQuality "1"]

1. e4 c5 2. Nf3 e6 3. d4 cxd4 4. Nxd4 a6 5. Be2 Qc7 6. O-O Nf6 7. f3 Bc5 8. Kh1 O-O 9. Nc3 Nc6 10. Nxc6 bxc6 11. Bg5 d5 12. Bxf6 gxf6 13. exd5 cxd5 14. Qe1 Kh8 15. Qh4 Qe7 16. Na4 Bd6 17. Bd3 f5 18. Qxe7 Bxe7 19. Nb6 Rb8 20. Nxc8 Rfxc8 21. b3 a5 22. a4 Bf6 23. Rad1 Bc3 24. f4 Rb4 25. Rf3 Rd4 1/2-1/2

[Event "Winnipeg TNT April op"]
[Site "Winnipeg CAN"]
[Date "2017.04.25"]
[Round "4"]
[White "Kernetsky, Myron"]
[Black "Prince, Colin"]
[Result "1-0"]
[WhiteElo "2126"]
[BlackElo "1865"]
[WhiteFideId "-1"]
[WhiteFideId "-1"]
[PlyCount "155"]
[GameId "2160767908412239"]
[EventDate "2017.04.04"]
[EventType "swiss"]
[EventRounds "4"]
[EventCountry "CAN"]
[SourceTitle "EXT 2022"]
[Source "ChessBase"]
[SourceDate "2021.10.06"]
[SourceVersion "1"]
[SourceVersionDate "2021.10.06"]
[SourceQuality "1"]

1. d4 f5 2. Nf3 Nf6 3. Bf4 e6 4. e3 b6 5. Be2 Bb7 6. a4 Nc6 7. Nbd2 Be7 8. h3 O-O 9. O-O Qe8 10. c3 a5 11. Bxc7 d6 12. Bxb6 Nd5 13. Nc4 Ba6 14. Nfd2 Qb8 15. Ra3 Nxb6 16. Rb3 Bxc4 17. Nxc4 Bd8 18. d5 Ne5 19. Nxb6 Bxb6 20. dxe6 Qc7 21. Qd5 Kh8 22. Rd1 Rab8 23. Qxd6 Qxd6 24. Rxd6 Bc7 25. Rxb8 Bxd6 26. Rb6 Bc7 27. Ra6 Ng6 28. b4 Rb8 29. b5 Bb6 30. c4 Nf8 31. e7 Nd7 32. Bf3 Bc5 33. Rxa5 Bxe7 34. Ra7 Rd8 35. Bc6 Nb6 36. Rxe7 Nxc4 37. Re8+ Rxe8 38. Bxe8 Kg8 39. Bd7 Nb6 40. Bxf5 Nxa4 41. Kf1 Kf7 42. Ke1 g6 43. Bd3 Ke6 44. Kd2 Kd5 45. Kc2 Kc5 46. Kb3 Nb6 47. g3 Nd5 48. h4 Nf6 49. f3 Nd7 50. Kc3 Ne5 51. Be2 Nd7 52. g4 Nf6 53. Bd3 Nd5+ 54. Kd2 Nf6 55. Ke2 Nd5 56. Kf2 Kb4 57. f4 Kc3 58. Be4 Nf6 59. Kf3 Ne8 60. b6 Nf6 61. b7 Nd7 62. f5 Kc4 63. fxg6 hxg6 64. Bxg6 Kd5 65. Kf4 Kc6 66. Be4+ Kc7 67. g5 Kd6 68. Kf5 Ke7 69. Bd5 Kf8 70. h5 Kg7 71. h6+ Kh7 72. Ke6 Nc5+ 73. Kd6 Na6 74. Be4+ Kh8 75. g6 Nb8 76. g7+ Kg8 77. Bd5+ Kh7 78. g8=Q+ 1-0

[Event "Winnipeg TNT April op"]
[Site "Winnipeg CAN"]
[Date "2017.04.25"]
[Round "4"]
[White "Marshall, Carter"]
[Black "Letain, Cory"]
[Result "0-1"]
[WhiteElo "1429"]
[BlackElo "1699"]
[WhiteFideId "-1"]
[WhiteFideId "-1"]
[PlyCount "46"]
[GameId "2160767908412240"]
[EventDate "2017.04.04"]
[EventType "swiss"]
[EventRounds "4"]
[EventCountry "CAN"]
[SourceTitle "EXT 2022"]
[Source "ChessBase"]
[SourceDate "2021.10.06"]
[SourceVersion "1"]
[SourceVersionDate "2021.10.06"]
[SourceQuality "1"]

1. e4 e5 2. Nf3 f5 3. Nc3 fxe4 4. Nxe4 d5 5. Nc3 e4 6. Ne5 Nf6 7. d4 Bb4 8. Bd2 O-O 9. a3 Bd6 10. Nb5 Bxe5 11. dxe5 Ng4 12. Bg5 Qd7 13. c4 a6 14. cxd5 Nxe5 15. Bf4 Rxf4 16. Qh5 Rf5 17. Qh4 axb5 18. f4 Nd3+ 19. Bxd3 exd3 20. O-O-O Rxd5 21. Kb1 b4 22. axb4 Qa4 23. Kc1 Qc2# 0-1

[Event "Winnipeg TNT April op"]
[Site "Winnipeg CAN"]
[Date "2017.04.25"]
[Round "4"]
[White "Reimer, Bruce"]
[Black "Czarny, Keith"]
[Result "1-0"]
[WhiteElo "1658"]
[BlackElo "1661"]
[WhiteFideId "-1"]
[WhiteFideId "-1"]
[PlyCount "127"]
[GameId "2160767908412242"]
[EventDate "2017.04.04"]
[EventType "swiss"]
[EventRounds "4"]
[EventCountry "CAN"]
[SourceTitle "EXT 2022"]
[Source "ChessBase"]
[SourceDate "2021.10.06"]
[SourceVersion "1"]
[SourceVersionDate "2021.10.06"]
[SourceQuality "1"]

1. c4 e6 2. g3 f5 3. d4 Nf6 4. Bg2 c6 5. Nc3 Bb4 6. Qb3 Qb6 7. Nf3 Bxc3+ 8. Qxc3 Ne4 9. Qa3 d5 10. cxd5 cxd5 11. Ng5 Nc6 12. Nxe4 fxe4 13. Bg5 Qb4+ 14. Qxb4 Nxb4 15. Kd2 O-O 16. Rhf1 Bd7 17. Be7 Nc6 18. Bxf8 Rxf8 19. e3 e5 20. dxe5 Nxe5 21. a4 Nc4+ 22. Kc3 Rc8 23. Kd4 Bc6 24. Bh3 Rc7 25. b3 Nd2 26. Rad1 Nf3+ 27. Kc5 Ng5 28. Kd6 Rf7 29. Be6 Nxe6 30. Kxe6 Rf6+ 31. Ke5 Kf7 32. Kd4 a6 33. Rc1 Ke6 34. Kc3 Rf7 35. Rc2 Rd7 36. Kd2 Rf7 37. Ke2 Kd6 38. Ke1 Ke5 39. g4 g5 40. Rh1 b5 41. Rxc6 bxa4 42. bxa4 Rb7 43. Ke2 Rb2+ 44. Rc2 Rb4 45. Ra1 d4 46. exd4+ Rxd4 47. Ke3 Rd3+ 48. Ke2 Rh3 49. Rh1 Kf4 50. Rc6 Ra3 51. Rxa6 Ra2+ 52. Kf1 Kxg4 53. Rg1+ Kh5 54. Rg2 g4 55. a5 h6 56. f3 Ra1+ 57. Kf2 Ra2+ 58. Kg3 Ra3 59. Re6 gxf3 60. Re5+ Kg6 61. Rf2 Re3 62. a6 h5 63. a7 Ra3 64. Rxe4 1-0

[Event "Winnipeg TNT April op"]
[Site "Winnipeg CAN"]
[Date "2017.04.25"]
[Round "4"]
[White "Remillard, John"]
[Black "Goodman, Clifford"]
[Result "1/2-1/2"]
[WhiteElo "1655"]
[BlackElo "1602"]
[WhiteFideId "-1"]
[WhiteFideId "-1"]
[PlyCount "78"]
[GameId "2160767908412243"]
[EventDate "2017.04.04"]
[EventType "swiss"]
[EventRounds "4"]
[EventCountry "CAN"]
[SourceTitle "EXT 2022"]
[Source "ChessBase"]
[SourceDate "2021.10.06"]
[SourceVersion "1"]
[SourceVersionDate "2021.10.06"]
[SourceQuality "1"]

1. d4 Nf6 2. Nf3 g6 3. Bf4 Bg7 4. e3 O-O 5. Bd3 c5 6. c3 d6 7. Nbd2 Bg4 8. h3 Bxf3 9. Nxf3 Nbd7 10. O-O Re8 11. Qc2 e5 12. dxe5 dxe5 13. Bg5 e4 14. Bxe4 Rxe4 15. Qxe4 Nxe4 16. Bxd8 Rxd8 17. Rfd1 Bf6 18. Rd5 Nb6 19. Rxd8+ Bxd8 20. Rd1 Bf6 21. Ne1 Na4 22. Rd7 Nxb2 23. Rxb7 Bxc3 24. Nc2 a5 25. Rb5 Nd3 26. f3 Nd2 27. Rb8+ Kg7 28. Rd8 Nb4 29. Nxb4 cxb4 30. Kf2 a4 31. Ke2 b3 32. axb3 Nxb3 33. Ra8 Nc5 34. Kd1 Bb2 35. Kc2 a3 36. Ra5 Nb7 37. Rb5 Nd6 38. Rb4 Nf5 39. Rb3 Ne7 1/2-1/2

[Event "Winnipeg TNT April op"]
[Site "Winnipeg CAN"]
[Date "2017.04.25"]
[Round "4"]
[White "Rutter, Blair"]
[Black "Marshall, Ken"]
[Result "1-0"]
[WhiteElo "2036"]
[BlackElo "1479"]
[WhiteFideId "-1"]
[WhiteFideId "-1"]
[PlyCount "87"]
[GameId "2160767908412244"]
[EventDate "2017.04.04"]
[EventType "swiss"]
[EventRounds "4"]
[EventCountry "CAN"]
[SourceTitle "EXT 2022"]
[Source "ChessBase"]
[SourceDate "2021.10.06"]
[SourceVersion "1"]
[SourceVersionDate "2021.10.06"]
[SourceQuality "1"]

1. c4 e5 2. g3 Nc6 3. Bg2 b6 4. Nc3 Bb7 5. e4 Nf6 6. d3 Bc5 7. Nge2 Nd4 8. O-O Qe7 9. h3 O-O-O 10. a3 h5 11. Bg5 Nxe2+ 12. Nxe2 Qe6 13. b4 Be7 14. Nc3 a6 15. Rc1 Rde8 16. Nd5 Nxd5 17. cxd5 Qd6 18. Be3 g5 19. d4 Bf6 20. Qd2 exd4 21. Bxd4 Bxd4 22. Qxd4 Kb8 23. Rc2 Rc8 24. Rfc1 h4 25. g4 c5 26. bxc5 bxc5 27. Rxc5 Rhe8 28. Rxc8+ Rxc8 29. Rb1 Qxa3 30. Rb2 Rc1+ 31. Kh2 Qd6+ 32. e5 Qc5 33. Qxc5 Rxc5 34. e6 d6 35. Be4 Ka7 36. exf7 Rc8 37. Bf5 Rf8 38. Be6 Rd8 39. Kg2 a5 40. Kf3 Ba6 41. Rb1 Bd3 42. Rc1 Kb6 43. Rc8 Rxc8 44. Bxc8 1-0

[Event "Winnipeg TNT April op"]
[Site "Winnipeg CAN"]
[Date "2017.04.25"]
[Round "4"]
[White "Schwartz, Elazar"]
[Black "Piche, Zachary"]
[Result "0-1"]
[WhiteElo "719"]
[BlackElo "1350"]
[WhiteFideId "-1"]
[WhiteFideId "-1"]
[PlyCount "70"]
[GameId "2160767908412245"]
[EventDate "2017.04.04"]
[EventType "swiss"]
[EventRounds "4"]
[EventCountry "CAN"]
[SourceTitle "EXT 2022"]
[Source "ChessBase"]
[SourceDate "2021.10.06"]
[SourceVersion "1"]
[SourceVersionDate "2021.10.06"]
[SourceQuality "1"]

1. d4 Nf6 2. Bg5 e6 3. e4 h6 4. Bf4 Nxe4 5. Bd3 Nf6 6. Nc3 Bb4 7. Nge2 Nc6 8. O-O O-O 9. Nb5 d6 10. c3 Ba5 11. b4 Bb6 12. c4 Nxb4 13. c5 dxc5 14. dxc5 Ba5 15. Qa4 Nxd3 16. Rfd1 c6 17. Qa3 cxb5 18. Rxd3 Qe7 19. Bd6 Qe8 20. Bxf8 Qxf8 21. Qxa5 Kh7 22. Rd8 Qxc5 23. Rc1 Qf5 24. Rcxc8 b6 25. Qa6 Rxc8 26. Rxc8 Ne4 27. f3 Nf6 28. Nd4 Qb1+ 29. Kf2 Qb2+ 30. Rc2 Qxd4+ 31. Kg3 Nh5+ 32. Kh3 g5 33. g4 Nf4+ 34. Kg3 Qg1+ 35. Rg2 Qxg2# 0-1

[Event "Winnipeg TNT February op"]
[Site "Winnipeg CAN"]
[Date "2017.02.07"]
[Round "1.4"]
[White "Bince, Rolando"]
[Black "Gannon, Keith"]
[Result "1-0"]
[WhiteElo "2144"]
[BlackElo "1623"]
[WhiteFideId "-1"]
[WhiteFideId "-1"]
[PlyCount "59"]
[GameId "2160767908478708"]
[EventDate "2017.02.07"]
[EventType "swiss"]
[EventRounds "4"]
[EventCountry "CAN"]
[SourceTitle "EXT 2022"]
[Source "ChessBase"]
[SourceDate "2021.10.06"]
[SourceVersion "1"]
[SourceVersionDate "2021.10.06"]
[SourceQuality "1"]

1. g3 g6 2. b3 Bg7 3. Nc3 d5 4. Bb2 e5 5. Bg2 e4 6. d4 Ne7 7. h4 h5 8. Nh3 Bxh3 9. Bxh3 f5 10. e3 Nd7 11. Ne2 Nf6 12. Ba3 O-O 13. Nf4 Kf7 14. Qe2 c6 15. Qd2 b5 16. Qb4 Re8 17. Qc3 Qb6 18. Bc5 Qc7 19. a4 a6 20. Bf1 Nd7 21. Bxe7 Rxe7 22. Nxd5 Qd6 23. Nxe7 Qxe7 24. axb5 c5 25. Bc4+ Kf8 26. Rxa6 Rxa6 27. bxa6 cxd4 28. Qa5 dxe3 29. fxe3 Qd6 30. Qd8# 1-0